| 000 | 01221cam a22001934a 4500 | ||
|---|---|---|---|
| 005 | 20250605164014.0 | ||
| 008 | 250528s ||||||||||||||||||||||||d | ||
| 035 | _a16074 | ||
| 020 | _a9603060585 | ||
| 040 |
_aGR-AtMCL _bgre _dGR-AtMCL _eAACR2 |
||
| 245 | 1 | _aΕπιτυχημένη Έρευνα Αγοράς σε μια Εβδομάδα / Εκπόνηση Σχεδίων, Επιλογή Τεχνικής, Ανάλυση Δεδομένων, Έκθεση Αποτελεσμάτων | |
| 260 |
_bCompupress, _c1993 |
||
| 300 | _a112 | ||
| 520 | _aΤο βιβλίο παρέχει στις επιχειρήσεις τα ακριβή στοιχεία που αποτελούν τη βάση των επιχειρηματικών αποφάσεων. Εισαγωγή, Έρευνα Αγοράς στις Επιχειρήσεις, Σχεδιασμός της Έρευνας Αγοράς, Έρευνα απ'το γραφείο, Τεχνικές Πρωτογενούς Έρευνας, Η Πρωτογενής Έρευνα στην Πράξη, Έρευνες και Ανάλυση Δεδομένων, Η Τελική Αναφορά. | ||
| 700 | 1 |
_aHousden Matthew _92036 |
|
| 942 | _cBK | ||
| 999 |
_c1613 _d1613 |
||